000 00580nam a22001937a 4500
005 20250929163702.0
010 _aENG-146891
020 _a9789355011015
_c699.00
035 _aEN-130423
037 _bDBAD
082 _219
_a330.1
100 _aAhuja, H L
_985276
245 _aModern Microeconomics:
_bTheory & Applications/
_cH L Ahuja
250 _a19
260 _aUttar Pradesh
_bS. Chand Publishing
_c2025
270 _aD-92, Sector-2, Noida
_bUttar Pradesh
_e201301
_k61-120-4682700
300 _a957p.
_c24cm(pb)
942 _2ddc
_cEN
_h330.1
_mAHU
999 _c213512
_d213512